| 000 | 00834nam a2200205 u 4500 | ||
|---|---|---|---|
| 001 | 000036758 | ||
| 005 | 20250429112052.0 | ||
| 008 | 101130s1986 sp r 000 0 spa d | ||
| 040 |
_aDO-SdBNP _bspa _cBNPHU |
||
| 245 | 0 | 0 |
_aLos filósofos presocráticos / _cintroducción general por Conrado Eggers Lan ; introducciones, traducciones y notas por Conrado Eggers Lan [et al.]. |
| 260 |
_aMadrid : _bGredos, _c1986. |
||
| 300 |
_a3 v. ; _c20 cm. |
||
| 490 | 1 |
_aBiblioteca clásica Gredos ; _v12, 24, 28 |
|
| 504 | _aIncluye referencias bibliográficas y notas al pie de las páginas. | ||
| 650 | 2 | 0 |
_aHistoria antigua _918158 |
| 650 | 2 | 4 |
_aFilosofía antigua _xHistoria _963090 |
| 700 | 1 |
_aEggers Lan, Conrado, _eintr. _963091 |
|
| 700 | 1 |
_aJuliá, Victoria E.l, _etrad. _963092 |
|
| 830 | 0 |
_aBiblioteca clásica Gredos ; _v12, 24, 28 _98642 |
|
| 999 |
_c36249 _d36249 |
||